[Event "AUTO-INT-1718"]
[Site "http://www.queenalice.com/game.php?id=784866"]
[Date "2010.6.3"]
[Round "1"]
[White "wilian"]
[Black "spin"]
[Result "0-1"]
[WhiteElo "1266"]
[BlackElo "1615"]

1. e4 d5 2. exd5 Qxd5 3. d4 Nc6 4. Nf3 Bg4 5. Be2 Bxf3 6. Bxf3 Qa5+ 7. Bd2 Qf5
8. Nc3 e5 9. Bxc6+ bxc6 10. dxe5 Qxe5+ 11. Qe2 Qxe2+ 12. Kxe2 O-O-O 13. Rhe1 Bd6
14. Kf1 Bxh2 15. Bg5 f6 16. Be3 Be5 17. Bxa7 Ne7 18. Bc5 Nf5 19. g4 Nh4 20. Be7
Rd2 21. g5 Rxc2 22. Na4 fxg5 23. Bxg5 Nf3 24. Rec1 Rxb2 25. Nxb2 Bxb2 26. Rab1
Bxc1 0-1

[Event "AUTO-INT-1718"]
[Site "http://www.queenalice.com/game.php?id=784867"]
[Date "2010.6.3"]
[Round "1"]
[White "spin"]
[Black "wilian"]
[Result "1-0"]
[WhiteElo "1613"]
[BlackElo "1268"]

1. e4 e5 2. Qh5 Qe7 3. Nf3 Nf6 4. Qh4 Nc6 5. Qg3 Nxe4 6. Qh4 Nf6 7. g4 e4 8. Ng1
d5 9. g5 Nd7 10. d3 exd3+ 11. Kd2 g6 12. Bxd3 Nde5 13. Qf4 Nxd3 14. cxd3 Qb4+
15. Qxb4 Bxb4+ 16. Nc3 Bxc3+ 17. bxc3 Bf5 18. a4 d4 19. Bb2 dxc3+ 20. Bxc3 Rg8
21. Re1+ Be6 22. h4 O-O-O 23. f4 Bd5 24. Rh3 Be6 25. Rhe3 Bd7 26. Bf6 1-0

[Event "AUTO-INT-1718"]
[Site "http://www.queenalice.com/game.php?id=784868"]
[Date "2010.6.3"]
[Round "1"]
[White "wilian"]
[Black "twmoore"]
[Result "0-1"]
[WhiteElo "1214"]
[BlackElo "1509"]

1. e4 e5 2. Nf3 Nc6 3. Bb5 a6 4. Bxc6 dxc6 5. Nxe5 Qe7 6. d4 Nf6 7. Nc3 Be6 8.
O-O O-O-O 9. Bg5 h6 10. Bxf6 gxf6 11. Nf3 Bg7 12. d5 Bg4 13. b4 f5 14. exf5 Bxc3
15. Rb1 Rxd5 16. Re1 Bxe1 17. Qxe1 Qxe1+ 18. Rxe1 Rhd8 19. h3 Bxf3 20. gxf3 Rxf5
21. Kg2 Rg8+ 22. Kf1 Rxf3 0-1

[Event "AUTO-INT-1718"]
[Site "http://www.queenalice.com/game.php?id=784869"]
[Date "2010.6.3"]
[Round "1"]
[White "twmoore"]
[Black "wilian"]
[Result "1-0"]
[WhiteElo "1699"]
[BlackElo "1391"]

1. e4 e5 2. Nf3 Nc6 3. Bc4 Bc5 4. O-O Nf6 5. d3 O-O 6. Nc3 Ng4 7. h3 Bxf2+ 8.
Rxf2 Nxf2 9. Kxf2 Nd4 10. Nxd4 exd4 11. Bf4 dxc3 12. bxc3 Qh4+ 13. Bg3 Qf6+ 14.
Kg1 Qxc3 15. Bb3 d6 16. Be1 Qf6 17. Rb1 Qg6 18. Qf3 Bd7 19. g4 Rae8 20. h4 Bxg4
21. Qg3 Qh5 22. c4 Bf3 23. Rb2 Qg4 24. Rh2 Re5 25. Kf2 Re6 26. Qxg4 Bxg4 27. c5
dxc5 28. Bxe6 fxe6+ 29. Kg3 Bh5 30. Bd2 Rf3+ 31. Kg2 Rxd3 32. Kg1 c4 33. Bb4
Rd1+ 34. Kf2 Ra1 35. Ke3 Rd1 36. Rf2 h6 37. Rf8+ Kh7 38. Be7 e5 39. Rc8 Re1+ 40.
Kd2 Rd1+ 41. Kc3 Rd3+ 42. Kxc4 Rd4+ 43. Kc3 Rxe4 44. Rxc7 Re3+ 45. Kd2 Ra3 46.
Bxa3 e4 47. Bf8 b5 48. Rxg7+ Kh8 49. Rxa7 Kg8 50. Bxh6 Bf7 51. a3 Kh7 52. Be3
Kg6 53. Re7 Kf6 54. Rxe4 Kg6 55. Re5 Bc4 56. h5+ Kf6 57. Rc5 Kg7 58. h6+ Kh7 59.
Rc7+ Kg6 60. h7 Bf7 61. h8=Q 1-0

[Event "AUTO-BEG-401"]
[Site "http://www.queenalice.com/game.php?id=785960"]
[Date "2010.6.5"]
[Round "1"]
[White "wilian"]
[Black "DONANEZ"]
[Result "0-1"]
[WhiteElo "1215"]
[BlackElo "1376"]

1. e4 e5 2. Nf3 Nc6 3. Bb5 Nf6 4. Bxc6 bxc6 5. Nxe5 g6 6. Nc3 Qe7 7. d4 d6 8.
Nxc6 Qd7 9. d5 Bb7 10. Nb4 Bg7 11. Bg5 O-O 12. Qd2 Rfe8 13. Bh6 Nxe4 14. Nxe4
Rxe4+ 15. Kd1 Bxh6 16. Qxh6 Rxb4 17. Qd2 Rxb2 18. a4 Ba6 19. Qc3 Rab8 20. Kd2
Qg4 0-1

[Event "AUTO-BEG-401"]
[Site "http://www.queenalice.com/game.php?id=785961"]
[Date "2010.6.5"]
[Round "1"]
[White "DONANEZ"]
[Black "wilian"]
[Result "1-0"]
[WhiteElo "1400"]
[BlackElo "1215"]

1. e4 e5 2. Nf3 Nc6 3. Bb5 d6 4. d4 Bd7 5. d5 Na5 6. Bxd7+ Qxd7 7. O-O Be7 8.
Nc3 Nf6 9. Bg5 O-O-O 10. Qe2 h6 11. Be3 Kb8 12. b4 Ng4 13. bxa5 Nxe3 14. Qxe3 g5
15. Rab1 g4 16. Nd2 h5 17. Nb5 b6 18. axb6 axb6 19. a4 Rhg8 20. a5 Bg5 21. Qc3
1-0

[Event "AUTO-BEG-401"]
[Site "http://www.queenalice.com/game.php?id=785962"]
[Date "2010.6.5"]
[Round "1"]
[White "wilian"]
[Black "glvoll"]
[Result "1-0"]
[WhiteElo "1224"]
[BlackElo "1340"]

1. e4 Nf6 2. Nc3 e5 3. Nf3 Bd6 4. Bc4 O-O 5. Nd5 Nxe4 6. O-O c6 7. Nc3 Ng5 8.
Nxg5 Qxg5 9. d3 Qg6 10. Be3 Na6 11. Bxa6 bxa6 12. Ne4 Be7 13. Bc5 d6 14. Ba3 Bg4
15. f3 Bh5 16. g4 f5 17. Bxd6 Bxd6 18. Nxd6 Qxd6 19. gxh5 g6 20. hxg6 Qxg6+ 21.
Kf2 1-0

[Event "AUTO-BEG-401"]
[Site "http://www.queenalice.com/game.php?id=785963"]
[Date "2010.6.5"]
[Round "1"]
[White "glvoll"]
[Black "wilian"]
[Result "0-1"]
[WhiteElo "1319"]
[BlackElo "1245"]

1. e4 e5 2. Bc4 Nf6 3. Qf3 Bc5 4. c3 O-O 5. Nh3 d6 6. b4 Bb6 7. d4 exd4 8. cxd4
Bxd4 9. Nc3 Bxh3 10. Qxh3 Qd7 11. Nd5 Nxd5 12. Bxd5 Qxh3 13. gxh3 c6 14. Bxc6
Nxc6 15. Rb1 Bc3+ 16. Bd2 Bxd2+ 17. Kxd2 Rae8 18. Rbg1 Rxe4 19. Rg2 Nxb4 20.
Rhg1 g6 21. f3 Rd4+ 0-1

[Event "AUTO-INT-1730"]
[Site "http://www.queenalice.com/game.php?id=791245"]
[Date "2010.6.17"]
[Round "1"]
[White "rootgauss"]
[Black "wilian"]
[Result "1-0"]
[WhiteElo "1874"]
[BlackElo "1319"]

1. e4 e5 2. Nf3 Nc6 3. Bc4 Nf6 4. d3 Be7 5. Nc3 d6 6. Bg5 Bg4 7. h3 Bxf3 8. Qxf3
Nd4 9. Qd1 O-O 10. Ne2 Nxe2 11. Qxe2 a6 12. O-O b5 13. Bb3 c6 14. Rfe1 d5 15.
exd5 cxd5 16. Qxe5 Re8 17. c3 Qd6 18. Qxd6 Bxd6 19. Bxf6 Rxe1+ 20. Rxe1 gxf6 21.
Bxd5 Rf8 22. c4 1-0

[Event "AUTO-INT-1730"]
[Site "http://www.queenalice.com/game.php?id=791246"]
[Date "2010.6.17"]
[Round "1"]
[White "wilian"]
[Black "rootgauss"]
[Result "0-1"]
[WhiteElo "1321"]
[BlackElo "1872"]

1. e4 e5 2. Nf3 Nc6 3. Bb5 Nf6 4. Nc3 d6 5. O-O Ng4 6. Bxc6+ bxc6 7. d4 exd4 8.
Nxd4 Bb7 9. Qxg4 Qf6 10. Nf3 h6 11. Qf5 Qd8 12. Be3 Be7 13. e5 Bc8 14. Qe4 d5
15. Qd3 f6 16. exf6 Bxf6 17. Bd4 O-O 18. Bxf6 Rxf6 19. Rae1 Bf5 20. Qd1 Rg6 21.
Kh1 Rb8 0-1

[Event "AUTO-INT-1730"]
[Site "http://www.queenalice.com/game.php?id=791263"]
[Date "2010.6.17"]
[Round "1"]
[White "wilian"]
[Black "dorszu"]
[Result "0-1"]
[WhiteElo "1313"]
[BlackElo "1740"]

1. e4 c5 2. Nc3 Nc6 3. Nf3 g6 4. Bc4 Bg7 5. Ng5 e6 6. d3 Nge7 7. Bb5 Bxc3+ 8.
Bd2 Bxb2 9. Rb1 Bf6 10. Bxc6 dxc6 11. Nf3 c4 12. dxc4 O-O 13. Bh6 Re8 0-1

[Event "AUTO-INT-1730"]
[Site "http://www.queenalice.com/game.php?id=791264"]
[Date "2010.6.17"]
[Round "1"]
[White "dorszu"]
[Black "wilian"]
[Result "1-0"]
[WhiteElo "1738"]
[BlackElo "1315"]

1. c4 e5 2. Nc3 Bb4 3. e3 Bxc3 4. dxc3 Nf6 5. Nf3 Nc6 6. Be2 e4 7. Nd4 Nxd4 8.
cxd4 O-O 9. b4 b6 10. Ba3 d6 11. O-O c6 12. f3 exf3 13. Bxf3 d5 14. b5 1-0

[Event "AUTO-INT-1730"]
[Site "http://www.queenalice.com/game.php?id=791266"]
[Date "2010.6.17"]
[Round "1"]
[White "Nektor"]
[Black "wilian"]
[Result "1-0"]
[WhiteElo "1810"]
[BlackElo "1311"]

1. e4 e5 2. Nf3 Nc6 3. Bc4 Nf6 4. Ng5 d5 5. exd5 Nxd5 6. Qf3 f6 7. Bxd5 Ne7 8.
Nf7 Bg4 9. Qxg4 Qxd5 10. Nxh8 f5 11. Qg3 O-O-O 12. Qf3 e4 13. Qb3 Qxb3 14. axb3
Ng6 15. Nxg6 hxg6 16. Rxa7 Kb8 17. Ra4 1-0

[Event "AUTO-BEG-404"]
[Site "http://www.queenalice.com/game.php?id=792181"]
[Date "2010.6.19"]
[Round "1"]
[White "vinoseco"]
[Black "wilian"]
[Result "1-0"]
[WhiteElo "1236"]
[BlackElo "1361"]

1. e3 e5 2. Bc4 Nf6 3. Nf3 Nc6 4. d4 e4 5. Ne5 Nxe5 6. dxe5 Ng4 7. Qxg4 d6 8.
Qxe4 dxe5 9. Qxe5+ Qe7 10. Qb5+ c6 11. Qa4 a6 12. O-O b5 13. Qb3 bxc4 14. Qxc4
c5 15. Rd1 1-0

[Event "AUTO-BEG-404"]
[Site "http://www.queenalice.com/game.php?id=792182"]
[Date "2010.6.19"]
[Round "1"]
[White "wilian"]
[Black "vinoseco"]
[Result "0-1"]
[WhiteElo "1340"]
[BlackElo "1257"]

1. e4 d5 2. exd5 Qxd5 3. Nc3 Qe5+ 4. Qe2 Qc5 5. Qb5+ Qc6 6. Qxc6+ bxc6 7. d4 Bf5
8. Bd3 Be6 9. b3 Nd7 10. Ba6 Nb8 11. Bb7 Bf5 12. Bxa8 Bxc2 13. Bf4 Kd8 14. Rc1
Bd3 0-1

[Event "AUTO-BEG-404"]
[Site "http://www.queenalice.com/game.php?id=792197"]
[Date "2010.6.19"]
[Round "1"]
[White "Eden_Pelleg"]
[Black "wilian"]
[Result "1-0"]
[WhiteElo "1371"]
[BlackElo "1278"]

1. d4 d5 2. Nc3 Nf6 3. Bf4 a6 4. Nf3 e6 5. e3 Nc6 6. a3 Bd6 7. Bg3 Bxg3 8. hxg3
Ne4 9. Qd3 Nxc3 10. Qxc3 a5 11. Bb5 1-0

[Event "AUTO-BEG-404"]
[Site "http://www.queenalice.com/game.php?id=792198"]
[Date "2010.6.19"]
[Round "1"]
[White "wilian"]
[Black "Eden_Pelleg"]
[Result "0-1"]
[WhiteElo "1278"]
[BlackElo "1385"]

1. e4 e5 2. Nf3 Nc6 3. Bc4 Nf6 4. d3 d5 5. exd5 Nxd5 6. Bxd5 Qxd5 7. Nc3 Bb4 8.
O-O Bxc3 9. bxc3 e4 10. c4 Qe6 11. Ng5 Qg6 0-1

[Event "AUTO-BEG-404"]
[Site "http://www.queenalice.com/game.php?id=792209"]
[Date "2010.6.19"]
[Round "1"]
[White "wilian"]
[Black "PU1JQF"]
[Result "0-1"]
[WhiteElo "1253"]
[BlackElo "1395"]

1. e4 e5 2. Nf3 Nf6 3. Nxe5 Nxe4 4. Qe2 Qh4 5. d3 Nxf2 6. Qxf2 Qb4+ 7. Bd2 Qxb2
8. Bc3 Qb5 9. Qxf7+ Kd8 10. Na3 Bxa3 11. Qxg7 Re8 12. d4 Qb6 13. Bc4 Be7 0-1

[Event "AUTO-BEG-404"]
[Site "http://www.queenalice.com/game.php?id=792210"]
[Date "2010.6.19"]
[Round "1"]
[White "PU1JQF"]
[Black "wilian"]
[Result "1-0"]
[WhiteElo "1384"]
[BlackElo "1264"]

1. e4 e5 2. Nf3 Nc6 3. d3 d6 4. Be3 Bg4 5. Be2 Nd4 6. Nxd4 Bxe2 7. Qxe2 exd4 8.
Bxd4 Nf6 9. O-O g6 10. e5 dxe5 11. Qxe5+ Qe7 12. Qxf6 Rg8 13. Qe5 f6 14. Qf4 1-0